header

Balkans 2010 (Record no. 8664)

MARC details
000 -LEADER
fixed length control field 01368nam a2200301Ia 4500
001 - CONTROL NUMBER
control field ebr10026213
003 - CONTROL NUMBER IDENTIFIER
control field CaPaEBR
006 - FIXED-LENGTH DATA ELEMENTS--ADDITIONAL MATERIAL CHARACTERISTICS--GENERAL INFORMATION
fixed length control field m u
007 - PHYSICAL DESCRIPTION FIXED FIELD--GENERAL INFORMATION
fixed length control field cr cn|||||||||
008 - FIXED-LENGTH DATA ELEMENTS--GENERAL INFORMATION
fixed length control field 030117s2002 nyub sb 000 0 eng d
020 ## - INTERNATIONAL STANDARD BOOK NUMBER
Cancelled/invalid ISBN 0876093209 (pbk.)
040 ## - CATALOGING SOURCE
Original cataloging agency CaPaEBR
Transcribing agency CaPaEBR
035 ## - SYSTEM CONTROL NUMBER
System control number (OCoLC)70773942
050 14 - LIBRARY OF CONGRESS CALL NUMBER
Classification number DR48.6
Item number .B34668 2002eb
245 00 - TITLE STATEMENT
Title Balkans 2010
Medium [electronic resource] :
Remainder of title report of an independent task force sponsored by the Council on Foreign Relations, Center for Preventive Action /
Statement of responsibility, etc Edward C. Meyer, chair ; William L. Nash, project director.
260 ## - PUBLICATION, DISTRIBUTION, ETC. (IMPRINT)
Place of publication, distribution, etc New York :
Name of publisher, distributor, etc [Council on Foreign Relations Press],
Date of publication, distribution, etc c2002.
300 ## - PHYSICAL DESCRIPTION
Extent viii, 120 p. :
Other physical details map.
504 ## - BIBLIOGRAPHY, ETC. NOTE
Bibliography, etc Includes bibliographical references.
533 ## - REPRODUCTION NOTE
Type of reproduction Electronic reproduction.
Place of reproduction Palo Alto, Calif. :
Agency responsible for reproduction ebrary,
Date of reproduction 2013.
Note about reproduction Available via World Wide Web.
-- Access may be limited to ebrary affiliated libraries.
650 #0 - SUBJECT ADDED ENTRY--TOPICAL TERM
Topical term or geographic name as entry element Economic assistance
Geographic subdivision Balkan Peninsula.
651 #0 - SUBJECT ADDED ENTRY--GEOGRAPHIC NAME
Geographic name Balkan Peninsula
General subdivision Politics and government.
Geographic name Balkan Peninsula
General subdivision Foreign economic relations
Chronological subdivision 1989-
655 #7 - INDEX TERM--GENRE/FORM
Genre/form data or focus term Electronic books.
Source of term local
700 1# - ADDED ENTRY--PERSONAL NAME
Personal name Meyer, Edward C.,
Dates associated with a name 1928-
Personal name Nash, William L.
710 2# - ADDED ENTRY--CORPORATE NAME
Corporate name or jurisdiction name as entry element ebrary, Inc.
856 40 - ELECTRONIC LOCATION AND ACCESS
Uniform Resource Identifier <a href="http://site.ebrary.com/lib/rucke/Doc?id=10026213">http://site.ebrary.com/lib/rucke/Doc?id=10026213</a>
Public note An electronic book accessible through the World Wide Web; click to view

No items available.

© 2026 Rongo University
Contact us: librarian | system librarian | Rongo university